000 00783nam a2200253Ia 4500
003 OSt
005 20220923223111.0
006 a|||||r|||| 00| 0
007 ta
008 220922b |||||||| |||| 00| 0 hin d
024 _a211,041
037 _cTextual
040 _aARTS
_cARTS
_bhin
041 _2hin
_ahin
082 _aO152,3N32x, N0
100 _aजोशी, शेखर
245 0 _aनैंरंगी बीमार है
246 _aNaianrangī bīmār hai
260 _aनई दिल्ली
_b राजकमल प्रका0
_c1990
300 _a114पृ.
_ccm.
650 _aहिन्दी साहित्य
_9156264
942 _hO152,3N32x, N0
_cTEXL
_2CC
999 _c361320
_d361320